000 00274nam a22000977a 4500
008 230501b |||||||| |||| 00| 0 eng d
020 _a9780340893197
100 _aBlyton Guid
_97607
245 _aThe Secret Seven (Shock for the Secret Seven)
260 _aLondon
_bHodder Children
999 _c12301
_d12301